000 01373nam0a2200325 i 4500
001 RU\NLR\BIBL_A\010672513
005 20260405202117.0
010 _a9785987097090
_91000
021 _aRU
_b14-94432
035 _a(NILC)RuMoRGB-007842723
035 _a(NLR Aleph) 010672513
090 _a9612357
_c9612357
100 _a20150213d2014 u y0rusy50 ca
101 0 _arus
102 _aRU
105 _aa|||z|||000ay
200 1 _aКороль жил в подвале и другие сказочные истории
_fКонстантин Арбенин
_g[худож. Вера Кадурина]
210 _aСанкт-Петербург
_cЛЕМА
_d2014
215 _a255 с.
_cил.
_d21
327 1 _aСодерж.: Король жил в подвале: сказочная повесть; Сказки на засыпку; Темница: пьеса без антракта; Истории: Два клоуна; Дом в конце тоннеля; Соната для чайника со всистком
333 _a12+
686 0 _aШ9(2)62=Р7-2
700 1 _aАрбенин
_bК.Ю.
_f1968-
_gКонстантин Юрьевич
_3RU\NLR\AUTH\7789612
_972539
801 0 _aRU
_bРГБ
_c20141222
_gRCR
801 1 _aRU
_bРГБ
_c20141222
_2rusmarc
942 _cBOOK
980 _aNBR